Green Day - American Idiot - Statistics

General Stats
  • This quiz has been taken 50 times
  • The average score is 10 of 13
Answer Stats
Answer % Correct
American Idiot
100%
Holiday
98%
Boulevard of Broken Dreams
95%
Jesus of Suburbia
85%
Homecoming
78%
She's a Rebel
78%
St. Jimmy
78%
Give Me Novacaine
75%
Letterbomb
75%
Wake Me Up When September Ends
75%
Whatsername
73%
Extraordinary Girl
70%
Are We the Waiting
65%
No matching quizzes found
Score Distribution
Percent of People with Each Score
Percentile by Number Answered
Your Score History
You have not taken this quiz